| 000 | 02196cam a22004697a 4500 | ||
|---|---|---|---|
| 003 | CHAP | ||
| 005 | 20220329135350.0 | ||
| 008 | 971013c19741962 r 00010 d | ||
| 010 | _a35132 | ||
| 011 | _a36104 | ||
| 035 | _a40223 | ||
| 040 | _cCHAP | ||
| 082 |
_a577 _bO63Y 1962 |
||
| 100 | 0 | 0 |
_aOparin, Alexander Ivanovich. _983355 |
| 245 | 1 | 3 | _aEl origen de la vida |
| 260 |
_aMéxico, D. F. : _bEdiciones de Cultura Popular, _c1974 (c.1962) |
||
| 300 |
_a109 p. _b: ilus. |
||
| 590 |
_aBATCH-UPD _b10 _c20130110 _lUCH01 _h2046 |
||
| 590 |
_aCONVERSION _b10 _c20130109 _lUCH01 _h1320 |
||
| 650 | 1 | 4 |
_aVida _xOrigen. _9119147 |
| 901 | _aBK | ||
| 942 | _cLIBRO | ||
| 949 |
_a577 O63Y 1962 _bBC _cLIBRO _d-150718 _eLIBRO _fc.5 _h37105 _i40223 _si |
||
| 949 |
_a577 O63Y 1962 _bBC _cLIBRO _d-150719 _eLIBRO _fc.6 _h37106 _i40223 _si |
||
| 949 |
_a577 O63Y 1962 _bBC _cLIBRO _d-150720 _eLIBRO _fc.7 _h37107 _i40223 _si |
||
| 949 |
_a577 O63Y 1962 _bBC _cLIBRO _d-150721 _eLIBRO _fc.8 _h37108 _i40223 _si |
||
| 949 |
_a577 O63Y 1962 _bBC _cLIBRO _d-150722 _eLIBRO _fc.9 _h37109 _i40223 _si |
||
| 949 |
_a577 O63Y 1962 _bBC _cLIBRO _d-150723 _eLIBRO _fc.10 _h37110 _i40223 _si |
||
| 949 |
_a577 O63Y 1962 _bBC _cLIBRO _d-150724 _eLIBRO _fc.12 _h37112 _i40223 _si |
||
| 949 |
_a577 O63Y 1962 _bBC _cLIBRO _d-150725 _eLIBRO _fc.11 _h37111 _i40223 _si |
||
| 949 |
_a577 O63Y 1962 _bBC _cLIBRO _d-150727 _eLIBRO _fc.13 _h43960 _i40223 _si |
||
| 949 |
_a577 O63Y 1962 _bBC _cLIBRO _d-150730 _eLIBRO _fc.16 _h43963 _i40223 _si |
||
| 949 |
_a577 O63Y 1962 _bBC _cLIBRO _d-150731 _eLIBRO _fc.19 _h45118 _i40223 _si |
||
| 949 |
_a577 O63Y 1962 _bBC _cLIBRO _d-91866 _eLIBRO _h15139 _i40223 _si |
||
| 949 |
_a577 O63Y 1962 _bBC _cLIBRO _d-91867 _eLIBRO _fc.2 _h11501 _i40223 _si |
||
| 949 |
_a577 O63Y 1962 _bBC _cLIBRO _d-91868 _eLIBRO _fc.3 _h37103 _i40223 _si |
||
| 949 |
_a577 O63Y 1962 _bBC _cLIBRO _d33724000423620 _eLIBRO _fc.4 _h37104 _i40223 _si |
||
| 949 |
_a577 O63Y 1962 _bBC _cLIBRO _d33724000423653 _eLIBRO _fc.20 _h67705 _i40223 _si |
||
| 949 |
_a577 O63Y 1962 _bBC _cLIBRO _d33724000696639 _eLIBRO _fc.14 _h43961 _i40223 _si |
||
| 949 |
_a577 O63Y 1962 _bBC _cLIBRO _d33724000828687 _eLIBRO _fc.15 _h43962 _i40223 _si |
||
| 949 |
_a577 O63Y 1962 _bBC _cLIBRO _d33724000905154 _eLIBRO _fc.18 _h45117 _i40223 _si |
||
| 999 |
_c35132 _d35132 |
||